Goal - student book 2

Bewaard in:
Bibliografische gegevens
Hoofdauteur: Manuel C R Dos Santos
Formaat: Boek
Taal:Undetermined
Gepubliceerd in: New York McGraw-Hill 1996
Onderwerpen:
Tags: Voeg label toe
Geen labels, Wees de eerste die dit record labelt!
Thư viện lưu trữ: Trung tâm Học liệu Trường Đại học Cần Thơ
LEADER 00523nam a2200193Ia 4500
001 CTU_54667
008 210402s9999 xx 000 0 und d
020 |b 30000 
082 |a 428.24 
082 |b S237/T2 
100 |a Manuel C R Dos Santos 
245 0 |a Goal - student book 2 
245 0 |c Manuel C. R. Dos Santos 
260 |a New York 
260 |b McGraw-Hill 
260 |c 1996 
650 |a english language 
650 |x textbooks for foreign speakers 
980 |a Trung tâm Học liệu Trường Đại học Cần Thơ